| 000 | 00843cab a22001935a 4500 | ||
|---|---|---|---|
| 001 | L148380 | ||
| 008 | 090911e2009 xxkao f s 000 0 eng d | ||
| 035 | _a(Sirsi) u148380 | ||
| 041 | 0 | _aeng | |
| 100 | 1 | _aPio Kivlehan, Noella | |
| 245 | 0 | 0 |
_aEG Healthcare _bmixed prognosis |
| 260 | _c2009 | ||
| 490 |
_aEstates Gazette _v(0927) 11 July 2009, 63-69(6) |
||
| 520 | _aThe policy of NHS Trusts to dispose of surplus property assests and redundant sites which reached a peak in 2007 has been badly affected by recession. Unlike commercial developers, the NHS does not sell surplus sites for outright profit but to ensure that property assets are used effectively and that the best value is acheived. | ||
| 590 | _aKA | ||
| 651 | 4 |
_aUnited Kingdom _y |
|
| 690 | _aPROPERTY-OTHER PROPERTY TYPES-HEALTHCARE AND WELFARE PROPERTY | ||
| 942 | _n0 | ||
| 999 |
_c81812 _d81812 |
||